| 000 | 00545nam a22001577a 4500 | ||
|---|---|---|---|
| 008 | 171114b xxu||||| |||| 00| 0 eng d | ||
| 020 | _a9715422888 | ||
| 082 |
_22001 _aDFil 899.211 _bP53 |
||
| 245 |
_aWhy the cat hates the dog and the rat (Marinduque)/ _cDamiana Eugenio [Compiler and editor] |
||
| 260 |
_aQuezon City: _bUP Pess; _cc2001. |
||
| 300 |
_apages26-27; _c23 cm. |
||
| 500 | _aPhilippine folk literature: the folktales. | ||
| 650 | 0 |
_923268 _aFolklore. |
|
| 650 | 0 |
_923269 _aPhilippine folk literature--Collections. |
|
| 942 |
_2ddc _cDFIL |
||
| 999 |
_c7730 _d7730 |
||